| 000 | 00684nac a22002411u 4500 | ||
|---|---|---|---|
| 003 | OSt | ||
| 005 | 20151007153957.0 | ||
| 008 | 151007b xxu||||| |||| 00| 0 eng d | ||
| 020 | _a0393928810 | ||
| 040 | _beng | ||
| 082 | 0 | 0 |
_a338.5 _bBER |
| 100 | _aBergstrom, Theodore C. | ||
| 245 | 1 | 0 |
_aWorkouts in intermediate microeconomics / _cTheodore C. Bergstrom, Hal R. Varian. |
| 250 | _a7th ed. | ||
| 260 |
_aNew York : _bW.W. Norton,2006 _c2006. |
||
| 300 |
_a548, 17p. : _bill. ; _c28 cm. |
||
| 500 | _adistributer: Baccah | ||
| 511 | _acatalogued by: wessam | ||
| 650 | 0 |
_aMicroeconomics. _2BUEsh |
|
| 651 | _2BUEsh | ||
| 700 | 1 | _aVarian, Hal R. | |
| 942 |
_k338.5BER _2ddc |
||
| 999 |
_c8014 _d8014 |
||